[Event "VII Cto. de España Abierto Zona Sur"]
[Site "Almeria (España)"]
[Date "2007.09.07"]
[Round "6.15"]
[White "Aleman Alamo, Nicolas"]
[Black "Canabate Carmona, Francisco"]
[Result "0-1"]
[WhiteElo "1788"]
[BlackElo "2093"]
[PlyCount "66"]
[EventDate "2007.09.??"]
[EventType "swiss"]
[EventRounds "7"]
[EventCountry "ESP"]

1. d4 Nf6 2. c4 e6 3. Nc3 Bb4 4. Bg5 h6 5. Bh4 c5 6. dxc5 Na6 7. Rc1 O-O 8. Nf3
g5 9. Bg3 Ne4 10. Bd6 Re8 11. Qd4 Naxc5 12. Bxc5 Nxc5 13. b3 e5 14. Nxe5 Qf6
15. Nf3 Qxd4 16. Nxd4 Nd3+ 17. Kd2 Nxc1 18. Kxc1 Bxc3 19. Nb5 Be5 20. e3 a6 21.
Na3 d6 22. Bd3 Be6 23. h3 Rac8 24. Kd2 d5 25. cxd5 Bxd5 26. Rg1 b5 27. f3 Bc3+
28. Ke2 Bd4 29. Nc2 Bb6 30. Re1 Red8 31. Bf5 Be6 32. Bd3 Rc3 33. Rd1 Rdxd3 0-1

[Event "VII Cto. de España Abierto Zona Sur"]
[Site "Almeria (España)"]
[Date "2007.09.07"]
[Round "6.16"]
[White "Lupion Linares, Mariano"]
[Black "Sampalo Lainz, Francisco"]
[Result "0-1"]
[WhiteElo "1947"]
[BlackElo "1962"]
[PlyCount "66"]
[EventDate "2007.09.??"]
[EventType "swiss"]
[EventRounds "7"]
[EventCountry "ESP"]

1. d4 Nf6 2. c4 g6 3. Nc3 d6 4. e4 Bg7 5. Nf3 O-O 6. Be2 Na6 7. O-O e5 8. Re1
c6 9. Bf1 exd4 10. Nxd4 Re8 11. Bg5 Qb6 12. Qd2 Nc5 13. Bd3 Nxd3 14. Qxd3 Ng4
15. Nce2 Qc5 16. Bf4 Ne5 17. Bxe5 Bxe5 18. f4 Bg7 19. Kh1 Bg4 20. Rab1 d5 21.
cxd5 cxd5 22. e5 f6 23. e6 Bxe6 24. Nxe6 Rxe6 25. Nd4 Rxe1+ 26. Rxe1 f5 27. Nb3
Qc4 28. Qe3 Bxb2 29. Qe6+ Kh8 30. Qf7 Qxf4 31. Qxd5 Bc3 32. g3 Qf2 33. Qe6
Qxe1+ 0-1

[Event "VII Cto. de España Abierto Zona Sur"]
[Site "Almeria (España)"]
[Date "2007.09.08"]
[Round "7.1"]
[White "Fernandez Siles, Luis"]
[Black "Llanes Hurtado, Miguel"]
[Result "0-1"]
[WhiteElo "2310"]
[BlackElo "2446"]
[PlyCount "64"]
[EventDate "2007.09.??"]
[EventType "swiss"]
[EventRounds "7"]
[EventCountry "ESP"]

1. e4 e6 2. d4 d5 3. Nc3 Nf6 4. Bg5 dxe4 5. Nxe4 Be7 6. Bxf6 gxf6 7. Nf3 f5 8.
Nc3 a6 9. g3 b5 10. Bg2 Bb7 11. O-O O-O 12. Re1 c5 13. dxc5 Qxd1 14. Raxd1 Bxc5
15. Ne5 Bxg2 16. Kxg2 Ra7 17. Rd3 Be7 18. f4 Rc7 19. a3 Rfc8 20. Red1 Nc6 21.
Nd7 Na5 22. Nb6 Rb8 23. Nd7 Rbb7 24. Ne5 Nc4 25. Rb1 Bf6 26. Nxc4 Rxc4 27. Rd6
a5 28. Ra6 b4 29. axb4 axb4 30. Na4 Rxc2+ 31. Kf3 Rd7 32. Ke3 Rdd2 0-1

[Event "VII Cto. de España Abierto Zona Sur"]
[Site "Almeria (España)"]
[Date "2007.09.08"]
[Round "7.2"]
[White "Mascaro March, Pedro"]
[Black "Teran Alvarez, Ismael"]
[Result "1/2-1/2"]
[WhiteElo "2390"]
[BlackElo "2398"]
[PlyCount "119"]
[EventDate "2007.09.??"]
[EventType "swiss"]
[EventRounds "7"]
[EventCountry "ESP"]

1. d4 Nf6 2. c4 c5 3. d5 b5 4. cxb5 a6 5. bxa6 g6 6. Nc3 Bxa6 7. Nf3 d6 8. e4
Bxf1 9. Kxf1 Nbd7 10. h3 Bg7 11. g3 O-O 12. Kg2 Qb8 13. Re1 Ne8 14. Qc2 Nb6 15.
b3 Qb7 16. Bb2 e6 17. dxe6 fxe6 18. Ng5 Nc7 19. f4 d5 20. exd5 exd5 21. Kh2
Rae8 22. Na4 Nxa4 23. Bxg7 Kxg7 24. bxa4 Qc6 25. Rad1 Ne6 26. Nf3 d4 27. Ne5
Qd5 28. Qb3 Rd8 29. Qxd5 Rxd5 30. Nc4 Kf6 31. Rb1 d3 32. Rb6 Re8 33. Nd6 Re7
34. Ne4+ Kf5 35. Nc3 Rd4 36. g4+ Kxf4 37. Rbxe6 Rxe6 38. Rxe6 d2 39. Nd1 Rxa4
40. Kg2 Rxa2 41. Kf2 Ra3 42. Rf6+ Ke5 43. Rf3 Ra2 44. Ke2 c4 45. Re3+ Kd4 46.
Re7 h5 47. gxh5 gxh5 48. Rd7+ Ke5 49. Rh7 Kf4 50. Rxh5 Kg3 51. Rh7 Rc2 52. Ne3
Ra2 53. Rg7+ Kxh3 54. Kf3 d1=Q+ 55. Nxd1 Kh4 56. Ne3 c3 57. Nf5+ Kh5 58. Ng3+
Kh6 59. Nf5+ Kh5 60. Ng3+ 1/2-1/2

[Event "VII Cto. de España Abierto Zona Sur"]
[Site "Almeria (España)"]
[Date "2007.09.08"]
[Round "7.3"]
[White "Vega Gutierrez, Sabrina Neide"]
[Black "Urbina Perez, Juan Antonio"]
[Result "1-0"]
[WhiteElo "2321"]
[BlackElo "2163"]
[PlyCount "89"]
[EventDate "2007.09.??"]
[EventType "swiss"]
[EventRounds "7"]
[EventCountry "ESP"]

1. e4 c5 2. Nf3 d6 3. d4 cxd4 4. Nxd4 Nf6 5. Nc3 a6 6. Be2 e5 7. Nb3 Be7 8. O-O
O-O 9. a4 Be6 10. Bf3 Nbd7 11. Re1 h6 12. a5 Rc8 13. Be3 Qc7 14. Nd2 Qc6 15.
Nf1 Rfd8 16. Ng3 Bf8 17. Re2 Ng4 18. Bxg4 Bxg4 19. f3 Be6 20. Rd2 g6 21. Kh1
Nf6 22. Nd5 Bxd5 23. exd5 Qb5 24. b3 Bg7 25. c4 Qd7 26. Rc1 Re8 27. h3 h5 28.
b4 h4 29. Ne4 Nxe4 30. fxe4 f5 31. exf5 gxf5 32. Qh5 f4 33. Bf2 e4 34. Bxh4 e3
35. Re2 Re4 36. c5 Rxb4 37. c6 bxc6 38. dxc6 Qf7 39. Qg4 Rbb8 40. Bg5 Qe8 41.
Bxf4 Rxc6 42. Rxc6 Qxc6 43. Rxe3 Rf8 44. Re7 Rf7 45. Qe6 1-0

[Event "VII Cto. de España Abierto Zona Sur"]
[Site "Almeria (España)"]
[Date "2007.09.08"]
[Round "7.4"]
[White "Morales Camacho, Julian"]
[Black "Ferrer Sanchez, Pedro J"]
[Result "1-0"]
[WhiteElo "2232"]
[BlackElo "2314"]
[PlyCount "95"]
[EventDate "2007.09.??"]
[EventType "swiss"]
[EventRounds "7"]
[EventCountry "ESP"]

1. d4 Nf6 2. c4 g6 3. Nc3 Bg7 4. e4 O-O 5. Bd3 d6 6. Nge2 e5 7. d5 c5 8. f3
Nbd7 9. g4 h5 10. h3 a6 11. Bg5 Qa5 12. Qd2 Re8 13. Ng3 Nh7 14. Bh4 hxg4 15.
fxg4 b5 16. cxb5 Nb6 17. bxa6 Bxa6 18. Nge2 Nc4 19. Bxc4 Bxc4 20. O-O Ra7 21.
Rfc1 Rb8 22. Bf2 Bf6 23. Be3 Qd8 24. b3 Ba6 25. Rab1 Bg5 26. Kg2 Kg7 27. Rc2
Rab7 28. Rcb2 Bxe3 29. Qxe3 Qh4 30. a3 Ng5 31. Qg3 Qh6 32. h4 Nh7 33. b4 Bc4
34. b5 Nf8 35. a4 Ra8 36. Kf3 Nd7 37. g5 Qh8 38. Ra1 Qd8 39. Qg4 Bxe2+ 40. Kxe2
Nb6 41. Qf3 Nc4 42. Rba2 Na5 43. Rf1 Qb6 44. h5 Nb3 45. Qf6+ Kg8 46. hxg6 Nd4+
47. Kd1 fxg6 48. Rh2 1-0

[Event "VII Cto. de España Abierto Zona Sur"]
[Site "Almeria (España)"]
[Date "2007.09.08"]
[Round "7.6"]
[White "Campos Gambuti, Luis Maria"]
[Black "Cuesta Bustos, Raul"]
[Result "1-0"]
[WhiteElo "2425"]
[BlackElo "2128"]
[PlyCount "93"]
[EventDate "2007.09.??"]
[EventType "swiss"]
[EventRounds "7"]
[EventCountry "ESP"]

1. d4 Nf6 2. Nf3 g6 3. g3 Bg7 4. Bg2 O-O 5. O-O d6 6. a4 Nbd7 7. a5 a6 8. Nc3
e5 9. e4 exd4 10. Nxd4 Re8 11. h3 Nc5 12. Re1 Rb8 13. Ra3 Ne6 14. Nf3 Nd7 15.
Nd5 h6 16. Nd2 Nd4 17. Nf1 Nb5 18. Ra2 Nc5 19. Bd2 Be6 20. c4 Nd4 21. Bc3 Nc6
22. Bxg7 Kxg7 23. b4 Bxd5 24. cxd5 Nxb4 25. Qd4+ Qf6 26. Qxb4 Nd3 27. Qd2 Nxe1
28. Qxe1 Kg8 29. Qc1 Re7 30. Qxh6 Qc3 31. h4 Ra8 32. h5 Qg7 33. Qd2 gxh5 34.
Ne3 Ree8 35. Nf5 Qf6 36. Rc2 Rec8 37. Qc1 Rab8 38. Bh3 Re8 39. Rxc7 Rf8 40. Qf4
b5 41. Rc6 Rfd8 42. Rxd6 Rxd6 43. e5 Qh8 44. exd6 Qf6 45. Ne7+ Kg7 46. Qxf6+
Kxf6 47. Nc6 1-0

[Event "VII Cto. de España Abierto Zona Sur"]
[Site "Almeria (España)"]
[Date "2007.09.08"]
[Round "7.7"]
[White "Rodriguez Guerrero, Angela"]
[Black "Figuero Toro, Julian"]
[Result "0-1"]
[WhiteElo "1981"]
[BlackElo "2254"]
[PlyCount "78"]
[EventDate "2007.09.??"]
[EventType "swiss"]
[EventRounds "7"]
[EventCountry "ESP"]

1. e4 c5 2. d3 g6 3. g3 Bg7 4. Bg2 Nc6 5. f4 d6 6. Nf3 e6 7. O-O Nge7 8. c3 O-O
9. Be3 f5 10. exf5 gxf5 11. Bf2 Kh8 12. Ng5 h6 13. Nf3 Rb8 14. Na3 b5 15. Nh4
Bd7 16. Nc2 Be8 17. d4 c4 18. Re1 Bf7 19. Ne3 d5 20. g4 fxg4 21. Qxg4 Rg8 22.
Qh3 Qd7 23. Ng4 Kh7 24. Kh1 Rbf8 25. Be3 Bh5 26. Bf3 Nf5 27. Nxf5 Rxf5 28. Rg1
Qf7 29. Rg2 Ne7 30. Rag1 Bg6 31. Ne5 Bxe5 32. fxe5 Bh5 33. Bg4 Rf3 34. Bxf3
Qxf3 35. Qxe6 Ng6 36. Bc1 Qe4 37. Qh3 Nh4 38. Qd7+ Kh8 39. Qe7 Rxg2 0-1

[Event "VII Cto. de España Abierto Zona Sur"]
[Site "Almeria (España)"]
[Date "2007.09.08"]
[Round "7.8"]
[White "Barrios Munoz, Rafael Carlos"]
[Black "Delgado Palomeque, Marco A"]
[Result "0-1"]
[WhiteElo "2146"]
[BlackElo "2232"]
[PlyCount "73"]
[EventDate "2007.09.??"]
[EventType "swiss"]
[EventRounds "7"]
[EventCountry "ESP"]

1. e4 e6 2. e5 d6 3. exd6 cxd6 4. d4 Nf6 5. Nf3 Be7 6. Nc3 O-O 7. Bf4 a6 8. Bd3
b5 9. a4 b4 10. Nb1 Bb7 11. O-O Nbd7 12. Re1 Rc8 13. a5 Rc7 14. h3 Qa8 15. Nbd2
Rfc8 16. Qe2 Nd5 17. Bh2 N7f6 18. Ng5 Bf8 19. Rac1 Rd8 20. Qf3 Nc3 21. Qg3 Nb5
22. Qh4 h6 23. Nge4 Nxe4 24. Nxe4 Be7 25. Qf4 Nxd4 26. Ng3 e5 27. Qg4 Bg5 28.
Rcd1 Bxg2 29. Be4 Bxe4 30. Rxe4 Qc8 31. Rexd4 exd4 32. Qxd4 Bf6 33. Qxb4 Rxc2
34. Ne4 Be5 35. Bg3 Bxg3 36. Nxg3 Qxh3 37. Qd4 0-1

[Event "VII Cto. de España Abierto Zona Sur"]
[Site "Almeria (España)"]
[Date "2007.09.08"]
[Round "7.9"]
[White "Vega Gutierrez, Belinda Vidina"]
[Black "Spitzer Isbert, Ramon"]
[Result "1/2-1/2"]
[WhiteElo "2098"]
[BlackElo "2097"]
[PlyCount "62"]
[EventDate "2007.09.??"]
[EventType "swiss"]
[EventRounds "7"]
[EventCountry "ESP"]

1. e4 Nf6 2. e5 Nd5 3. d4 d6 4. c4 Nb6 5. exd6 exd6 6. Nc3 Be7 7. Bd3 O-O 8.
Nge2 Re8 9. O-O N8d7 10. a4 a5 11. Bf4 Nf8 12. Qc2 c6 13. h3 Be6 14. b3 d5 15.
c5 Nbd7 16. Rab1 Ng6 17. Bd2 Nf6 18. Ng3 Qc7 19. Nce2 Bc8 20. Rfe1 Bd8 21. Bg5
Bd7 22. Nf5 Bxf5 23. Bxf5 Ne4 24. Bxd8 Qxd8 25. Nc3 Ng5 26. Rxe8+ Qxe8 27. Qd2
Qe7 28. Qe3 Qf6 29. Bg4 Ne6 30. Bxe6 fxe6 31. b4 Nh4 1/2-1/2

[Event "VII Cto. de España Abierto Zona Sur"]
[Site "Almeria (España)"]
[Date "2007.09.08"]
[Round "7.10"]
[White "Canabate Carmona, Francisco"]
[Black "Barrenechea Bahamonde, Gustavo"]
[Result "0-1"]
[WhiteElo "2093"]
[BlackElo "2220"]
[PlyCount "47"]
[EventDate "2007.09.??"]
[EventType "swiss"]
[EventRounds "7"]
[EventCountry "ESP"]

1. d4 Nf6 2. c4 c5 3. d5 a6 4. Nc3 b5 5. cxb5 axb5 6. g3 Bb7 7. Bg2 b4 8. Nb1
e6 9. e4 exd5 10. e5 Qe7 11. Qe2 Ne4 12. f3 Ng5 13. f4 Ne4 14. Nf3 Qe6 15. Nbd2
f5 16. Nxe4 dxe4 17. Nh4 Nc6 18. Be3 Nd4 19. Qf2 Rc8 20. Rc1 d5 21. O-O Be7 22.
Bxd4 cxd4 23. Rxc8+ Qxc8 24. Qxd4 0-1

[Event "VII Cto. de España Abierto Zona Sur"]
[Site "Almeria (España)"]
[Date "2007.09.08"]
[Round "7.11"]
[White "Machin Arbelo, Pedro Alexis"]
[Black "Moral Garcia, Serafin"]
[Result "0-1"]
[WhiteElo "2121"]
[BlackElo "1907"]
[PlyCount "104"]
[EventDate "2007.09.??"]
[EventType "swiss"]
[EventRounds "7"]
[EventCountry "ESP"]

1. e4 e5 2. Bc4 Nf6 3. Nf3 Nxe4 4. Nc3 Nxc3 5. dxc3 c6 6. Nxe5 d5 7. Bd3 Bd6 8.
Nf3 Bg4 9. h3 Bh5 10. Be3 Nd7 11. g4 Bg6 12. Qd2 Bxd3 13. Qxd3 Qc7 14. O-O-O
O-O-O 15. Ng5 Nf6 16. c4 h6 17. Qf5+ Kb8 18. Nf3 dxc4 19. Rxd6 Rxd6 20. Bf4 g6
21. Bxd6 Qxd6 22. Qe5 Qxe5 23. Nxe5 Re8 24. Nxf7 Re2 25. Rf1 h5 26. gxh5 Nxh5
27. Kd1 Re7 28. Ng5 Nf4 29. Re1 Rxe1+ 30. Kxe1 Kc7 31. Kd2 Kd6 32. Ke3 Nd5+ 33.
Kd4 b5 34. Nf7+ Ke6 35. Nd8+ Kd6 36. Nf7+ Ke6 37. Nd8+ Kd7 38. Nf7 Ke6 39. Ne5
c5+ 40. Ke4 Nf6+ 41. Kf4 g5+ 42. Kxg5 Kxe5 43. f4+ Ke6 44. Kg6 a5 45. h4 b4 46.
h5 Nxh5 47. Kxh5 Kf5 48. c3 bxc3 49. bxc3 Kxf4 50. Kg6 Ke3 51. Kf5 Kd3 52. Ke5
Kxc3 0-1

[Event "VII Cto. de España Abierto Zona Sur"]
[Site "Almeria (España)"]
[Date "2007.09.08"]
[Round "7.12"]
[White "De Nacimiento Montano, Antonio"]
[Black "Pareja Perez, Juan Luis"]
[Result "0-1"]
[WhiteElo "1992"]
[BlackElo "2131"]
[PlyCount "106"]
[EventDate "2007.09.??"]
[EventType "swiss"]
[EventRounds "7"]
[EventCountry "ESP"]

1. c4 e5 2. Nc3 c6 3. d4 exd4 4. Qxd4 Nf6 5. Bg5 Be7 6. e4 O-O 7. Nf3 d5 8.
exd5 Nxd5 9. Nxd5 Bxg5 10. Ne3 Bf6 11. Qxd8 Rxd8 12. Rb1 Be6 13. Be2 Na6 14.
O-O Nc5 15. h3 a5 16. Ng4 Bxg4 17. hxg4 h6 18. Rfe1 Rd7 19. Bf1 Rad8 20. g3 Na4
21. Re2 g6 22. Bg2 Rd1+ 23. Rxd1 Rxd1+ 24. Kh2 Nxb2 25. Re8+ Kg7 26. Rb8 Rd7
27. Bf1 Na4 28. Ra8 Bc3 29. Kg2 Rd1 30. Re8 Nc5 31. Re3 Bf6 32. Ra3 a4 33. Re3
Ra1 34. Re2 a3 35. Ne5 Rb1 36. f4 Rb2 37. Nf3 Bc3 38. Kh3 Rxe2 39. Bxe2 Ne4 40.
g5 Bb2 41. gxh6+ Kxh6 42. c5 Nxc5 43. Ng5 f6 44. Nf7+ Kg7 45. Nd6 Kf8 46. f5
gxf5 47. Nxf5 Ne4 48. Bc4 b5 49. Bb3 c5 50. Ne3 c4 51. Nxc4 bxc4 52. Bxc4 Ke7
53. Kg4 Be5 0-1

[Event "VII Cto. de España Abierto Zona Sur"]
[Site "Almeria (España)"]
[Date "2007.09.08"]
[Round "7.13"]
[White "Sabater Sanchez, Asensio"]
[Black "Barranco Cara, Francisco Javier"]
[Result "0-1"]
[WhiteElo "2173"]
[BlackElo "1887"]
[PlyCount "84"]
[EventDate "2007.09.??"]
[EventType "swiss"]
[EventRounds "7"]
[EventCountry "ESP"]

1. d4 Nf6 2. Bg5 Ne4 3. Bf4 e6 4. e3 d5 5. Bd3 Bd6 6. Bxd6 Qxd6 7. Bxe4 dxe4 8.
Nd2 f5 9. f3 exf3 10. Ngxf3 Nd7 11. O-O Nf6 12. Nc4 Qe7 13. Nce5 O-O 14. c4 b6
15. Re1 Bb7 16. a3 a5 17. b3 Ne4 18. Nd2 Ng5 19. Qe2 Rf6 20. Nef3 Ne4 21. Nxe4
Bxe4 22. Ne5 Raf8 23. Rf1 Rh6 24. Qf2 Kh8 25. Qg3 g5 26. Ra2 Rg8 27. b4 a4 28.
Ng4 Rh4 29. Qe5+ Rg7 30. g3 Rxg4 31. h3 Rh4 32. gxh4 gxh4+ 33. Kf2 Qg5 34. Ke2
Qg2+ 35. Rf2 Qxh3 36. Ra1 Qg4+ 37. Kd2 Qg3 38. Raf1 Qxe5 39. dxe5 h3 40. Rh2
Rg2+ 41. Rf2 Rxf2+ 42. Rxf2 Bg2 0-1

[Event "VII Cto. de España Abierto Zona Sur"]
[Site "Almeria (España)"]
[Date "2007.09.08"]
[Round "7.14"]
[White "Sampalo Lainz, Francisco"]
[Black "De Nacimiento Montano, Angel"]
[Result "0-1"]
[WhiteElo "1962"]
[BlackElo "1999"]
[PlyCount "114"]
[EventDate "2007.09.??"]
[EventType "swiss"]
[EventRounds "7"]
[EventCountry "ESP"]

1. Nf3 c5 2. c4 g6 3. g3 Bg7 4. Bg2 Nf6 5. O-O O-O 6. Nc3 Nc6 7. d4 cxd4 8.
Nxd4 Qb6 9. e3 d6 10. b3 Bd7 11. Bb2 Ne5 12. Qe2 Rac8 13. Rfc1 a6 14. Rc2 Nc6
15. Na4 Qd8 16. c5 Nxd4 17. Bxd4 Bb5 18. Qd2 Bxa4 19. bxa4 dxc5 20. Bxb7 Rb8
21. Bxf6 Bxf6 22. Rb1 Qxd2 23. Rxd2 c4 24. Rd7 c3 25. Rc1 a5 26. Kf1 Rfd8 27.
Rxd8+ Rxd8 28. Rc2 Kf8 29. Bc6 e6 30. e4 Bd4 31. Ke2 e5 32. Bd5 Ke7 33. f3 f6
34. g4 Kd6 35. h3 Rh8 36. Kd3 h5 37. Bf7 hxg4 38. hxg4 Rh3 39. Ke2 Rh6 40. Kd3
Ke7 41. Bd5 Rh3 42. Ke2 Kf8 43. Rc1 Kg7 44. Bb3 Kh6 45. Rf1 Kg5 46. Kd3 Kf4 47.
Bf7 Rh2 48. Bb3 Rh3 49. Bf7 g5 50. Bb3 Kg3 51. Bc4 Kg2 52. Ke2 Rh2 53. Kd1 Kg3
54. Bb3 Rd2+ 55. Kc1 Be3 56. Kb1 Rb2+ 57. Ka1 Bd4 0-1

[Event "VII Cto. de España Abierto Zona Sur"]
[Site "Almeria (España)"]
[Date "2007.09.08"]
[Round "7.15"]
[White "Diaz Sanchez, Jose Francisco"]
[Black "Martinez Rubi, Alberto"]
[Result "1/2-1/2"]
[WhiteElo "1978"]
[BlackElo "1960"]
[PlyCount "60"]
[EventDate "2007.09.??"]
[EventType "swiss"]
[EventRounds "7"]
[EventCountry "ESP"]

1. e4 e6 2. d4 d5 3. exd5 exd5 4. Nf3 Bd6 5. c4 c6 6. Nc3 Nf6 7. c5 Bc7 8. Bd3
O-O 9. h3 Re8+ 10. Be3 Nbd7 11. O-O Nf8 12. b4 Ng6 13. a4 Nf4 14. Bxf4 Bxf4 15.
Qc2 Bd7 16. Bf5 Ne4 17. Bxd7 Qxd7 18. Rfe1 Ng5 19. Nxg5 Bxg5 20. Qd3 Qc7 21. g3
Qd7 22. Kg2 Re6 23. Rxe6 Qxe6 24. Ra2 Qg6 25. Qxg6 hxg6 26. b5 Bf6 27. Ne2 Re8
28. Rd2 Kf8 29. Kf3 Kg8 30. Rd3 g5 1/2-1/2

[Event "VII Cto. de España Abierto Zona Sur"]
[Site "Almeria (España)"]
[Date "2007.09.08"]
[Round "7.16"]
[White "Sanchez Botella, Luis Javier"]
[Black "Aleman Alamo, Nicolas"]
[Result "1-0"]
[WhiteElo "2244"]
[BlackElo "1788"]
[PlyCount "55"]
[EventDate "2007.09.??"]
[EventType "swiss"]
[EventRounds "7"]
[EventCountry "ESP"]

1. c4 e6 2. Nf3 Nf6 3. g3 b6 4. d4 d5 5. Bg2 Bb7 6. O-O Be7 7. Nc3 c6 8. Re1
O-O 9. b3 Nbd7 10. Bb2 h6 11. Ne5 Nxe5 12. dxe5 Ng4 13. e4 Nxe5 14. exd5 Qc7
15. f4 Ng6 16. dxe6 fxe6 17. Qh5 Nxf4 18. gxf4 Qxf4 19. Ne4 c5 20. Qe5 Qxe5 21.
Bxe5 Bxe4 22. Bxe4 Bf6 23. Bxa8 Rxa8 24. Bxf6 gxf6 25. Rxe6 Kf7 26. Rae1 h5 27.
Re7+ Kg6 28. Re8 1-0

[Event "VII Cto. de España Abierto Zona Sur"]
[Site "Almeria (España)"]
[Date "2007.09.08"]
[Round "7.17"]
[White "Lupion Linares, Mariano"]
[Black "Galvez Extremera, Francisco"]
[Result "0-1"]
[WhiteElo "1947"]
[BlackElo "2140"]
[PlyCount "64"]
[EventDate "2007.09.??"]
[EventType "swiss"]
[EventRounds "7"]
[EventCountry "ESP"]

1. d4 Nf6 2. c4 e5 3. dxe5 Ng4 4. Nf3 Bc5 5. e3 Nc6 6. Be2 O-O 7. Nc3 Re8 8.
O-O Ncxe5 9. Nxe5 Nxe5 10. Kh1 a6 11. Ne4 Ba7 12. f4 Ng6 13. Bf3 d6 14. Re1 Nh4
15. Bd2 Bd7 16. Nc3 Re6 17. Bxb7 Rb8 18. Bd5 Rh6 19. g3 Nf5 20. Kg2 Rxb2 21.
Qc1 Rb6 22. Ne2 c6 23. Bf3 Nh4+ 24. Kf2 Nxf3 25. Kxf3 Rxh2 26. Ba5 Qc8 27. g4
Bxg4+ 28. Kg3 Rh3+ 29. Kf2 Rf3+ 30. Kg2 Bh5 31. Ng1 Rg3+ 32. Kh2 Rg2+ 0-1

[Event "VII Cto. de España Abierto Zona Sur"]
[Site "Almeria (España)"]
[Date "2007.09.08"]
[Round "7.18"]
[White "Munoz Nortes, Jose Antonio"]
[Black "Ruiz Hervias, Ezequiel"]
[Result "1-0"]
[WhiteElo "1865"]
[BlackElo "1757"]
[PlyCount "37"]
[EventDate "2007.09.??"]
[EventType "swiss"]
[EventRounds "7"]
[EventCountry "ESP"]

1. d4 Nf6 2. Nc3 g6 3. Bg5 Bg7 4. e4 d6 5. Bc4 Nc6 6. Nf3 Bg4 7. Be2 O-O 8. h3
Bd7 9. O-O Nh5 10. a3 f5 11. exf5 Qe8 12. fxg6 Qxg6 13. Bd3 Qf7 14. Be3 Nf4 15.
Ng5 Qf6 16. Bxf4 Qxf4 17. Bxh7+ Kh8 18. Qh5 Be8 19. Bg6+ 1-0